000 00449nam a2200181Ia 4500
003 GCL
008 140319s9999 xx 000 0 eng d
040 _aGCL /
_cGCL
082 0 4 _a957.3
_bh a
100 1 _aHOIG, STAN
245 1 0 _aA CAPITAL FOR THE NATION /
_cHOIG, STAN
260 _a[S.N] :
_bCOBBLELEHILL BOOKS ،
_c1990
300 _a132 P
650 0 4 _aJUVENILE LITERATURE
650 0 4 _aWASHINGTON
650 0 4 _aCITIES
942 _2ddc
_cBK
999 _c19132
_d19132